000 00988nam a22003137a 4500
003 CHAP
005 20220329134745.0
008 971013s1976 r 00010 d
010 _a25350
011 _a26322
035 _a30423
040 _cCHAP
090 _aFolleto 6338
100 0 0 _aBrundenius, Claes.
_915771
245 _aStructural changes in the peruvian economy, 1968-1975
260 _aLund :
_bUniversity of Lund. Research Policy Program,
_c1976
300 _a15 h.
490 _aDiscussion paper
_v; 104
590 _aBATCH-UPD
_b10
_c20130110
_lUCH01
_h2139
590 _aBATCH-UPD
_b10
_c20130410
_lUCH01
_h1447
590 _aBATCH-UPD
_b10
_c20130914
_lUCH01
_h1907
590 _aCONVERSION
_b10
_c20130109
_lUCH01
_h1315
650 1 4 _aPerú
_xCondiciones económicas.
_987218
650 1 4 _aPerú
_xPolítica y gobierno.
_987223
830 0 _aDiscussion paper
_v; 104
_932718
901 _aBK
942 _cFOLL
949 _aFolleto 6338
_bBC
_cFOLL
_d-70594
_eTS1
_i30423
_si
999 _c25350
_d25350